| 000 | 00956nam a2200241 a 4500 | ||
|---|---|---|---|
| 001 | 40151 | ||
| 003 | BD-RjUL | ||
| 005 | 20211209053140.0 | ||
| 008 | 160423s1986 ii a|||| |||| 00| 0 ben d | ||
| 020 | _c: IRs 30.00 | ||
| 035 | _a(BD-RjUL)40266 | ||
| 040 |
_aBD-RjUL _bben _cBD-RjUL |
||
| 041 | _aben | ||
| 082 |
_223 _a294.5 _bCHA 1986 |
||
| 245 | 0 | 0 |
_aচৈতন্য-পরিক্রমা / _cবরুণকুমার চক্রবর্তী সম্পাদিত |
| 260 |
_aকলকাতা : _bখিদিরপুর হরিসভা, _c১৯৮৬ [১৩৯৩] |
||
| 300 |
_a[১৬], ২৯৮ পৃ. : _bচিত্র ; _c২১ সেমি |
||
| 600 |
_aচৈতন্য _d১৪৮৬-১৫৩৪ _9122316 |
||
| 600 |
_cChaitnya _d1486-1534 _9123618 |
||
| 650 |
_x _9123619 |
||
| 700 |
_aচক্রবর্তী, বরুণকুমার সম্পাদিত _9123621 |
||
| 942 |
_2ddc _cBK |
||
| 999 |
_c40151 _d40151 |
||